Klik om te vertalen - Frans - Statistieken

Algemene statistieken
  • Deze quiz is 108 keer genomen
  • De gemiddelde score is 17 van 20
Antwoordstatistieken
Hint Antwoord % Correct
Huis Maison
93%
Woensdag Mercredi
93%
Stad Ville
93%
Wijn Vin
92%
Computer Ordinateur
90%
Boot Bateau
88%
Brood Pain
88%
Appel Pomme
88%
Auto Voiture
87%
Vis Possion
85%
Boek Livre
83%
Boom Arbre
82%
Paard Cheval
82%
Week Semaine
82%
Gras Herbe
80%
Geel Jaune
80%
Winkel Magasin
78%
Hoofd Tête
73%
Rivier Fleuve
68%
Wolk Nuage
65%
Geen overeenkomende quizzen gevonden
Scoreverdeling
Procent van Mensen met Elke Score
Percentiel versus Aantal Correcte Antwoorden
Uw Scoregeschiedenis
U heeft deze quiz nog niet genomen